000 00477nam a2200169 i 4500
001 19521
003 ES-MaACL
005 20230906152120.0
007 t|
008 021002s1971 sp ||||1| spa d
100 1 _aAbad Salvador, Federico,
_917939
245 1 0 _aProblemática del divorcio en Puerto Rico /
_cFederico Abad Salvador.
260 _aGuadalajara :
_bOPE,
_c1971.
300 _a394 p. ;
_c24 cm.
852 _aES-MaACL
_jC-43519
_bR.80356
999 _c19521
_d19521